La universidad, como espacio de reproducción de la violencia de género : un estudio de caso en la Universidad Autónoma de Chapingo (Record no. 144893)
[ view plain ]
| 000 -CABECERA | |
|---|---|
| campo de control de longitud fija | 00635nab a2200193 a 4500 |
| 005 - FECHA Y HORA DE LA ÚLTIMA TRANSACCIÓN | |
| campo de control | 20220216132211.0 |
| 008 - ELEMENTOS DE LONGITUD FIJA--INFORMACIÓN GENERAL | |
| campo de control de longitud fija | 991125s1985 mx 000 0 spa u |
| 035 ## - NÚMERO DE CONTROL DEL SISTEMA | |
| Número de control de sistema | UPN01000172789 |
| 100 1# - ASIENTO PRINCIPAL--NOMBRE PERSONAL | |
| Nombre de persona | Castro, Roberto |
| Forma completa/desarrollada del nombre | (Castro Pérez) |
| 9 (RLIN) | 38228 |
| 222 ## - TÍTULO CLAVE | |
| Título clave | ESTUDIOS SOCIOLOGICOS |
| 245 ## - MENCIÓN DE TÍTULO | |
| Título | La universidad, como espacio de reproducción de la violencia de género : un estudio de caso en la Universidad Autónoma de Chapingo |
| 260 ## - PUBLICACIÓN, DISTRIBUCIÓN, ETC. | |
| Lugar de publicación, distribución, etc. | México |
| 300 ## - DESCRIPCIÓN FÍSICA | |
| Extensión | 587-616 |
| 362 0# - FECHAS DE PUBLICACIÓN Y/O DESIGNACIÓN SECUENCIAL | |
| Fecha de publicación y/o designación secuencial | 2008 Vol. 26, no. 78, may.-ago. |
| 653 0# - TERMINO DE INDIZACION - NO CONTROLADO | |
| Término no controlado | VIOLENCIA DE GENERO |
| 653 0# - TERMINO DE INDIZACION - NO CONTROLADO | |
| Término no controlado | EDUCACION SUPERIOR |
| 653 0# - TERMINO DE INDIZACION - NO CONTROLADO | |
| Término no controlado | ACOSO SEXUAL |
| 905 ## - TIPO DE MATERIAL | |
| Tipo de material | Articulo |
No items available.
